Beginning Movie Titles Quiz Stats

 Plays Quiz Updated Dec 1, 2017

Challenge
Share
Tweet
Embed
Score 0/100 Timer 06:00
21 Plays Today
First Word % Correct
Pride
98.7%
Saving
97.5%
West
95.6%
10
95%
Edward
94.4%
Forrest
94.2%
Gone
94.2%
Beauty
93%
Snow
92.4%
Good
92.2%
There's
92%
Back
92%
Harry
91.7%
No
91.2%
Mary
90.6%
Around
89.7%
Phantom
89%
Crouching
88.4%
Blair
88.3%
Dead
88%
Raiders
87.4%
Sweet
87.1%
When
86.8%
V
86.7%
Good
86.5%
Cloudy
86.3%
One
85.7%
Mrs.
85.5%
Gran
85.4%
Dumb
84.2%
Live
83.7%
Inglourious
83.2%
While
82.9%
Law
82.9%
First Word % Correct
Planes
82.6%
League
82.5%
Tora!
82.4%
Fun
81.6%
Hunchback
81.5%
Kramer
80.6%
Butch
80.6%
Driving
79.5%
Little
79.4%
Save
79.2%
Citizen
79.1%
Singin'
79.1%
Remember
79%
Catch
78.9%
Thank
78.5%
From
77.8%
Ferris
77.7%
Guys
76.9%
Gone
76.6%
Along
76.3%
All
76%
O
75.6%
Julie
74.9%
Teenage
74.8%
Dances
72.9%
Dial
72.6%
12
72.3%
Who
72.2%
Cool
71.6%
Terms
71.4%
Burn
69.3%
North
69%
Passion
68.1%
Clash
67.8%
First Word % Correct
Live
67.6%
Lock
66.9%
There
66.8%
Memoirs
66.6%
Fear
66.1%
Tomorrow
65.8%
Fast
64.8%
Full
64.5%
John
64.2%
Van
62.2%
Hotel
59.2%
Scent
57%
Throw
55.3%
Scott
54.9%
American
54.9%
Requiem
53.2%
House
50.7%
Dan
45.6%
In
45.2%
Letters
45%
Flags
37%
Arsenic
33.4%
History
32.1%
Princess
28.8%
My
28%
Guarding
25.6%
Rachel
24.1%
Howl's
23.8%
Before
20.8%
Curse
8.1%
Kind
7.5%
Grave
6.6%

You're not logged in!

Compare scores with friends on all Sporcle quizzes.
Join for Free
OR
Log In

You Might Also Like...

Show Comments

Extras

Top Quizzes Today


Score Distribution

Your Account Isn't Verified!

In order to create a playlist on Sporcle, you need to verify the email address you used during registration. Go to your Sporcle Settings to finish the process.

Report this User

Report this user for behavior that violates our Community Guidelines.

Details: